000 00779nam a2200229 a 4500
001 BRCA_1725
005 20190320203526.0
008 940114s1993 mx-a---##c---#000-0bspa-#
040 _aDLC
_cDLC
041 _aspa
044 _amx
050 4 _aTR140.K34
_b.G85 1993
245 1 0 _aGuillermo Kahlo
_bfotógrafo, 1872-1941 : vida y obra.
260 _aMéxico
_bCONACULTA
_c1993
300 _a30 p.
_bil.
_c16 cm.
500 _aCatálogo de la exposición realizada en el Museo Estudio Diego Rivera, Museo Nacional de Arquitectura y el Museo Franz Mayer, 1993
600 1 4 _aKahlo, Guillermo
_vExposiciones
_95349
650 1 4 _aFotografía
_vExposiciones
_zMéxico
_95395
650 1 4 _aFotógrafos
_vBiografía
_zMéxico
_95396
700 1 _aKahlo, Guillermo
_95397
942 _2lcc
_cB
999 _c1514
_d1514